01439nam a2200373Ia 4500001001200000003000800012006001900020007001500039008004100054010001700095020004200112020003900154040002100193035002100214050002600235082001500261245011000276260003800386300002300424504005100447533015200498650003500650650003200685650002300717650003100740650002400771650002700795655002900822700002500851700002900876710001700905856012600922999001701048ebr10350130CaPaEBRm u cr cn|||||||||090708s2010 vtua sb 001 0 eng d z 2009026736 z9780754674146 (hardback : alk. paper) z9780754691587 (ebook : alk. paper) aCaPaEBRcCaPaEBR a(OCoLC)64687150214aP95.8b.M39335 2010eb04a302.2322200aMedia, policy and interactionh[electronic resource] /cedited by Richard Fitzgerald and William Housley. aBurlington, VT :bAshgate,c2010. axv, 229 p. :bill. aIncludes bibliographical references and index. aElectronic reproduction.bPalo Alto, Calif. :cebrary,d2010.nAvailable via World Wide Web.nAccess may be limited to ebrary affiliated libraries. 0aMass mediaxPolitical aspects. 0aMass mediaxSocial aspects. 0aMass media policy. 0aCommunication in politics. 0aDiscourse analysis. 0aMass mediaxInfluence. 7aElectronic books.2local1 aFitzgerald, Richard.1 aHousley, William,d1970-2 aebrary, Inc.40uhttp://site.ebrary.com/lib/rucke/Doc?id=10350130zAn electronic book accessible through the World Wide Web; click to view c41888d41888